|
|
|
|
| LEADER |
00000nam a2200000 a 4500 |
| 001 |
UCQ8159 |
| 003 |
CL-VaPUC |
| 008 |
981127e19880000FR |||||||||||||||||fre|d |
| 082 |
0 |
4 |
|a 708.4
|b GOW
|2 21
|
| 100 |
0 |
|
|a Gowing, Lawrence
|e author
|9 421966
|
| 245 |
1 |
4 |
|a Les peintures du Louvré
|
| 300 |
|
|
|a 686 p
|
| 942 |
|
|
|c BK
|
| 945 |
|
|
|d 19981127 00:00:00
|a aarredon
|
| 260 |
|
|
|a París
|b Nathan
|c 1988
|
| 600 |
0 |
7 |
|a MUSEO DE LOUVRE
|2 CL-VaPUC
|9 350220
|
| 650 |
|
0 |
|a Museos de arte
|9 265235
|
| 650 |
|
0 |
|a Obras de arte
|9 337253
|
| 650 |
|
0 |
|a Pintura francesa
|9 266122
|
| 650 |
|
0 |
|a Pintores franceses
|9 340354
|
| 650 |
|
0 |
|a Artistas
|9 262026
|
| 650 |
|
7 |
|a GALERIAS DE ARTE
|2 CL-VaPUC
|9 421967
|
| 651 |
|
0 |
|a Francia
|9 255157
|
| 583 |
|
|
|a last modification
|c 19981127 00:00:00
|k Rodrigo Vera
|
| 999 |
|
|
|c 277454
|d 277452
|
| 952 |
|
|
|0 0
|1 0
|4 0
|6 708_400000000000000_GOW_1988
|7 0
|8 F
|9 315390
|a BIBARQ
|b BIBARQ
|d 2019-11-20
|i 3484386
|o 708.4 GOW 1988
|p 3484386
|r 2025-01-20
|w 2019-11-20
|y BK_F
|k ARQ
|